IMS – služba prítomnosti

Saved in:
Bibliographic Details
Main Author: Demeterová, Lucia (Author)
Other Authors: Baroňák, Ivan (Thesis advisor)
Format: Manuscript Book
Language:Slovak
Published: 2019
Subjects:
Online Access:http://is.stuba.sk/zp/portal_zp.pl?podrobnosti=152920
Tags: Add Tag
No Tags, Be the first to tag this record!

MARC

LEADER 00000ntm a22000003a 4500
001 stuzp71681
003 SK-STU
005 20190626142454.8
007 ta
008 150427s2015----xo-----f-mn---000-0-slo-d
040 |a STU  |b slo 
041 0 |a slo 
044 |a xo 
100 1 |a Demeterová, Lucia  |u 037000  |k Z4  |4 aut  |U FEI Fakulta elektrotechniky a informatiky  |T FEI Ústav multimediálnych informačných a komunikačných technológií  |X 76008  |U E070  |Y 818  |7 76008 
242 0 1 |a IMS - Presence Service  |y eng 
245 1 0 |a IMS – služba prítomnosti 
260 |c 2019 
300 |a 45 s. 
650 4 |a RCS  |2 slo 
650 4 |a IMS, služba prítomnosti  |2 slo 
650 4 |a SIP požiadavky  |2 slo 
650 4 |a RCS  |2 eng 
650 4 |a SIP requests  |2 eng 
650 4 |a IMS presence service  |2 eng 
700 1 |a Baroňák, Ivan  |u 037000  |k Z1  |4 ths  |U FEI Fakulta elektrotechniky a informatiky  |T FEI Ústav multimediálnych informačných a komunikačných technológií  |X 1925  |U E070  |Y 818  |7 A000001925 
856 4 |u http://is.stuba.sk/zp/portal_zp.pl?podrobnosti=152920 
996 |b 284EP12196  |c E*DIPL- 12196  |l EE37  |s P  |a 0  |w stuzp71681_0001